| 000 | 00802nam a2200265Ia 4500 | ||
|---|---|---|---|
| 003 | GCL | ||
| 008 | 140319s9999 xx 000 0 ara d | ||
| 040 |
_aGCL / _cGCL |
||
| 082 | 0 | 4 |
_a701.18 _bم ق |
| 100 | 1 | _aمحسن محمد عطية | |
| 245 | 1 | 0 |
_aالفن والحياة الاجتماعية / _cمحسن محمد عطية |
| 260 |
_a[S.N] : _bدار المعارف ، _c1994 |
||
| 300 | _a199 ص | ||
| 490 | _a | ||
| 650 | 0 | 4 | _aالفولكلور |
| 650 | 0 | 4 | _aالفن المصرى القديم |
| 650 | 0 | 4 | _aالفن الرومانى |
| 650 | 0 | 4 | _aالاساطير |
| 650 | 0 | 4 | _aالفن القديم |
| 650 | 0 | 4 | _aالفن الحديث |
| 650 | 0 | 4 | _aالفن والمجتمع |
| 650 | 0 | 4 | _aالفن الاغريقى |
| 650 | 0 | 4 | _aالفن الاسلامى |
| 942 |
_2ddc _cBK |
||
| 999 |
_c58548 _d58548 |
||